Australian A-Leagues Logos - Statistics

General Stats
  • This quiz has been taken 230 times
    64 since last reset
  • The average score is 10 of 13
Answer Stats
Picture Answer % Correct
Sydney FC
98%
Wellington Phoenix
91%
Brisbane Roar
89%
Perth Glory
87%
Melbourne City
82%
Newcastle Jets
82%
Adelaide United
80%
Auckland FC
80%
Melbourne Victory
80%
Western Sydney Wanderers
78%
Central Coast Mariners
76%
Macarthur
65%
Canberra United
36%
No matching quizzes found
Score Distribution
Percent of People with Each Score
Percentile by Number Answered
Your Score History
You have not taken this quiz since the last reset